Loading...
| History - World | 0 | 5 | 0 | 2 | 50 | 92 | 116.40 | 1 | 5 | 0.00 | 0.00 |
| History - Other | 0 | 4 | 0 | 1 | 40 | 114 | 127.25 | 2 | 4 | 0.00 | 0.00 |
| Science - Other | 0 | 4 | 0 | 1 | 40 | 86 | 118.00 | 0 | 4 | 0.00 | 0.00 |
| History - American | 0 | 3 | 0 | 1 | 30 | 83 | 112.00 | 2 | 3 | 0.00 | 0.00 |
| History - European | 0 | 3 | 0 | 2 | 30 | 84 | 115.00 | 2 | 3 | 0.00 | 0.00 |
| Fine Arts - Other | 0 | 3 | 1 | 2 | 25 | 128 | 132.67 | 0 | 3 | 0.00 | 0.00 |
| Science - Biology | 0 | 2 | 0 | 0 | 20 | 88 | 88.50 | 1 | 2 | 0.00 | 0.00 |
| Religion | 0 | 2 | 0 | 0 | 20 | 119 | 123.00 | 2 | 2 | 0.00 | 0.00 |
| Literature - British | 0 | 2 | 0 | 0 | 20 | 107 | 130.50 | 0 | 2 | 0.00 | 0.00 |
| Geography | 0 | 2 | 0 | 0 | 20 | 79 | 102.50 | 0 | 2 | 0.00 | 0.00 |
| Literature - World | 0 | 2 | 0 | 0 | 20 | 132 | 138.50 | 2 | 2 | 0.00 | 0.00 |
| Science - Chemistry | 0 | 2 | 0 | 0 | 20 | 124 | 126.50 | 0 | 2 | 0.00 | 0.00 |
| Mythology | 0 | 2 | 0 | 0 | 20 | 101 | 116.00 | 1 | 2 | 0.00 | 0.00 |
| Social Science | 0 | 1 | 0 | 1 | 10 | 132 | 132.00 | 0 | 1 | 0.00 | 0.00 |
| Fine Arts - Classical Music | 0 | 1 | 0 | 0 | 10 | 115 | 115.00 | 0 | 1 | 0.00 | 0.00 |
| Literature - American | 0 | 1 | 0 | 0 | 10 | 141 | 141.00 | 0 | 1 | 0.00 | 0.00 |
| Literature - European | 0 | 1 | 0 | 0 | 10 | 137 | 137.00 | 1 | 1 | 0.00 | 0.00 |
| Philosophy | 0 | 1 | 0 | 0 | 10 | 119 | 119.00 | 1 | 1 | 0.00 | 0.00 |
| Pop Culture | 0 | 1 | 0 | 0 | 10 | 100 | 100.00 | 0 | 1 | 0.00 | 0.00 |
| Science - Physics | 0 | 1 | 0 | 0 | 10 | 119 | 119.00 | 0 | 1 | 0.00 | 0.00 |
| Current Events | 0 | 1 | 0 | 1 | 10 | 111 | 111.00 | 0 | 1 | 0.00 | 0.00 |